All Sunderland Premier League Players Ever - Statistics

General Stats
  • This quiz has been taken 143 times
  • The average score is 230 of 455
Answer Stats
% Correct
2007/08 Trinidad & Tobago Stern John 1
93%
2011/12 Ireland John O'Shea 29
90%
2012/13 Ireland John O'Shea 34
90%
2013/14 Ireland John O'Shea 33
90%
2014/15 Ireland John O'Shea 37
90%
2015/16 Ireland John O'Shea 28
90%
2016/17 Ireland John O'Shea 28
90%
2012/13 England Adam Johnson 35
86%
2013/14 England Adam Johnson 36
86%
2014/15 England Adam Johnson 32
86%
2015/16 England Adam Johnson 19
86%
2013/14 Italy Fabio Borini 32
86%
2015/16 Italy Fabio Borini 26
86%
2016/17 Italy Fabio Borini 24
86%
2011/12 Sweden Sebastian Larsson 32
86%
2012/13 Sweden Sebastian Larsson 38
86%
2013/14 Sweden Sebastian Larsson 31
86%
2014/15 Sweden Sebastian Larsson 36
86%
2015/16 Sweden Sebastian Larsson 18
86%
2016/17 Sweden Sebastian Larsson 21
86%
2009/10 England Darren Bent 38
83%
2010/11 England Darren Bent 20
83%
2013/14 Mauritania El-Hadji Ba 1
83%
1999/00 England Kevin Phillips 36
83%
2000/01 England Kevin Phillips 34
83%
2001/02 England Kevin Phillips 37
83%
2002/03 England Kevin Phillips 32
83%
2009/10 England Lee Cattermole 22
83%
2010/11 England Lee Cattermole 23
83%
2011/12 England Lee Cattermole 23
83%
2012/13 England Lee Cattermole 10
83%
2013/14 England Lee Cattermole 24
83%
2014/15 England Lee Cattermole 28
83%
2015/16 England Lee Cattermole 31
83%
2016/17 England Lee Cattermole 8
83%
2011/12 England Wes Brown 20
83%
2013/14 England Wes Brown 25
83%
2014/15 England Wes Brown 25
83%
2015/16 England Wes Brown 6
83%
2014/15 England Billy Jones 14
79%
2015/16 England Billy Jones 24
79%
2016/17 England Billy Jones 27
79%
2005/06 England Chris Brown 13
79%
2007/08 Trinidad & Tobago Dwight Yorke 20
79%
2008/09 Trinidad & Tobago Dwight Yorke 7
79%
2007/08 Trinidad & Tobago Kenwyne Jones 33
79%
2008/09 Trinidad & Tobago Kenwyne Jones 29
79%
2009/10 Trinidad & Tobago Kenwyne Jones 32
79%
2008/09 England Jordan Henderson 1
76%
2009/10 England Jordan Henderson 33
76%
2010/11 England Jordan Henderson 37
76%
2013/14 South Korea Ki Sung-Yeung 27
76%
1996/97 Ireland Niall Quinn 12
76%
1999/00 Ireland Niall Quinn 37
76%
2000/01 Ireland Niall Quinn 34
76%
2001/02 Ireland Niall Quinn 38
76%
2002/03 Ireland Niall Quinn 8
76%
2005/06 England Daniel Smith 3
72%
2014/15 England Jermain Defoe 17
72%
2015/16 England Jermain Defoe 33
72%
2016/17 England Jermain Defoe 37
72%
2015/16 England Jordan Pickford 2
72%
2016/17 England Jordan Pickford 29
72%
2013/14 United States Jozy Altidore 31
72%
2014/15 United States Jozy Altidore 11
72%
1996/97 England Martin Smith 11
72%
1996/97 England Michael Gray 35
69%
1999/00 England Michael Gray 33
69%
2000/01 England Michael Gray 36
69%
2001/02 England Michael Gray 35
69%
2002/03 England Michael Gray 32
69%
2010/11 Belgium Simon Mignolet 23
69%
2011/12 Belgium Simon Mignolet 29
69%
2012/13 Belgium Simon Mignolet 38
69%
2010/11 Benin Stephane Sessegnon 14
69%
2011/12 Benin Stephane Sessegnon 36
69%
2012/13 Benin Stephane Sessegnon 35
69%
2013/14 Benin Stephane Sessegnon 2
69%
2012/13 Scotland Steven Fletcher 28
69%
2013/14 Scotland Steven Fletcher 20
69%
2014/15 Scotland Steven Fletcher 30
69%
2015/16 Scotland Steven Fletcher 16
69%
2005/06 Scotland Andy Gray 21
66%
2014/15 Romania Costel Pantilimon 28
66%
2015/16 Romania Costel Pantilimon 17
66%
2009/10 Albania Lorik Cana 31
66%
2015/16 Tunisia Wahbi Khazri 14
66%
2016/17 Tunisia Wahbi Khazri 21
66%
2007/08 England Andrew Cole 7
62%
2007/08 Ireland Andy Reid 13
62%
2008/09 Ireland Andy Reid 32
62%
2009/10 Ireland Andy Reid 21
62%
2010/11 Ireland Andy Reid 2
62%
2016/17 Costa Rica Bryan Oviedo 10
62%
2007/08 Scotland Craig Gordon 34
62%
2008/09 Scotland Craig Gordon 12
62%
2009/10 Scotland Craig Gordon 26
62%
2010/11 Scotland Craig Gordon 15
62%
2011/12 Scotland Craig Gordon 1
62%
2007/08 Gibraltar Danny Higginbotham 21
62%
2008/09 Gibraltar Danny Higginbotham 1
62%
2007/08 Northern Ireland Jonny Evans 15
62%
2000/01 Argentina Julio Arca 27
62%
2001/02 Argentina Julio Arca 22
62%
2002/03 Argentina Julio Arca 13
62%
2005/06 Argentina Julio Arca 24
62%
1996/97 England Kevin Ball 32
62%
1999/00 England Kevin Ball 11
62%
2007/08 Scotland Phil Bardsley 11
62%
2008/09 Scotland Phil Bardsley 28
62%
2009/10 Scotland Phil Bardsley 26
62%
2010/11 Scotland Phil Bardsley 34
62%
2011/12 Scotland Phil Bardsley 31
62%
2012/13 Scotland Phil Bardsley 18
62%
2013/14 Scotland Phil Bardsley 26
62%
2008/09 France Steed Malbranque 36
62%
2009/10 France Steed Malbranque 31
62%
2010/11 France Steed Malbranque 35
62%
1999/00 Denmark Thomas Sorensen 37
62%
2000/01 Denmark Thomas Sorensen 34
62%
2001/02 Denmark Thomas Sorensen 34
62%
2002/03 Denmark Thomas Sorensen 21
62%
2013/14 Italy Vito Mannone 29
62%
2014/15 Italy Vito Mannone 10
62%
2015/16 Italy Vito Mannone 19
62%
2016/17 Italy Vito Mannone 9
62%
2016/17 Belgium Adnan Januzaj 25
59%
2010/11 Egypt Ahmed Elmohamady 36
59%
2011/12 Egypt Ahmed Elmohamady 18
59%
2012/13 Egypt Ahmed Elmohamady 2
59%
2010/11 Ghana Asamoah Gyan 31
59%
2011/12 Ghana Asamoah Gyan 3
59%
2005/06 Wales Danny Collins 23
59%
2007/08 Wales Danny Collins 36
59%
2008/09 Wales Danny Collins 35
59%
2009/10 Wales Danny Collins 3
59%
2016/17 Gabon Didier Ndong 31
59%
2013/14 Italy Emanuele Giaccherini 24
59%
2014/15 Italy Emanuele Giaccherini 8
59%
2009/10 England Fraizer Campbell 31
59%
2010/11 England Fraizer Campbell 3
59%
2011/12 England Fraizer Campbell 12
59%
2012/13 England Fraizer Campbell 12
59%
2009/10 England Jack Colback 1
59%
2010/11 England Jack Colback 11
59%
2011/12 England Jack Colback 35
59%
2012/13 England Jack Colback 35
59%
2013/14 England Jack Colback 33
59%
2015/16 Netherlands Jeremain Lens 20
59%
2016/17 Netherlands Jeremain Lens 2
59%
2011/12 South Korea Ji Dong-Won 19
59%
2013/14 South Korea Ji Dong-Won 5
59%
2005/06 England Kelvin Davis 33
59%
2007/08 Hungary Marton Fulop 1
59%
2008/09 Hungary Marton Fulop 26
59%
2009/10 Hungary Marton Fulop 13
59%
2016/17 South Africa Steven Pienaar 15
59%
2015/16 France Yann M'Vila 37
59%
2002/03 England Ben Clark 1
55%
2007/08 Trinidad & Tobago Carlos Edwards 13
55%
2008/09 Trinidad & Tobago Carlos Edwards 22
55%
1996/97 England Darren Williams 11
55%
1999/00 England Darren Williams 25
55%
2000/01 England Darren Williams 28
55%
2001/02 England Darren Williams 28
55%
2002/03 England Darren Williams 16
55%
2015/16 United States DeAndre Yedlin 23
55%
2008/09 France Djibril Cisse 35
55%
2005/06 England Grant Leadbitter 12
55%
2007/08 England Grant Leadbitter 31
55%
2008/09 England Grant Leadbitter 23
55%
2009/10 England Grant Leadbitter 1
55%
2007/08 England Kieran Richardson 17
55%
2008/09 England Kieran Richardson 32
55%
2009/10 England Kieran Richardson 29
55%
2010/11 England Kieran Richardson 26
55%
2011/12 England Kieran Richardson 29
55%
2012/13 England Kieran Richardson 1
55%
2015/16 Cote D'Ivoire Lamine Kone 15
55%
2016/17 Cote D'Ivoire Lamine Kone 30
55%
1996/97 France Lionel Perez 29
55%
2014/15 Netherlands Patrick van Aanholt 28
55%
2015/16 Netherlands Patrick van Aanholt 33
55%
2016/17 Netherlands Patrick van Aanholt 21
55%
2014/15 Uruguay Sebastian Coates 10
55%
2015/16 Uruguay Sebastian Coates 16
55%
2002/03 England Stephen Wright 26
55%
2005/06 England Stephen Wright 2
55%
2011/12 England Wayne Bridge 8
55%
2009/10 Netherlands Boudewijn Zenden 20
52%
2010/11 Netherlands Boudewijn Zenden 27
52%
2001/02 United States Claudio Reyna 17
52%
2002/03 United States Claudio Reyna 11
52%
2011/12 England Craig Gardner 30
52%
2012/13 England Craig Gardner 33
52%
2013/14 England Craig Gardner 18
52%
2012/13 England Danny Graham 13
52%
2014/15 England Danny Graham 14
52%
2015/16 England Danny Graham 10
52%
2012/13 England Danny Rose 27
52%
2010/11 England Danny Welbeck 26
52%
2016/17 Ireland Darron Gibson 12
52%
2005/06 England Dean Whitehead 37
52%
2007/08 England Dean Whitehead 27
52%
2008/09 England Dean Whitehead 34
52%
2001/02 Northern Ireland George McCartney 18
52%
2002/03 Northern Ireland George McCartney 24
52%
2005/06 Northern Ireland George McCartney 13
52%
2008/09 Northern Ireland George McCartney 16
52%
2009/10 Northern Ireland George McCartney 25
52%
2015/16 Germany Jan Kirchoff 15
52%
2016/17 Germany Jan Kirchoff 7
52%
2009/10 Ghana John Mensah 16
52%
2010/11 Ghana John Mensah 18
52%
1999/00 Ireland Kevin Kilbane 20
52%
2000/01 Ireland Kevin Kilbane 30
52%
2001/02 Ireland Kevin Kilbane 28
52%
2002/03 Ireland Kevin Kilbane 30
52%
2016/17 United States Lynden Gooch 11
52%
1996/97 England Michael Bridges 25
52%
2011/12 Denmark Nicklas Bendtner 28
52%
1999/00 Sweden Stefan Schwarz 27
52%
2000/01 Sweden Stefan Schwarz 20
52%
2001/02 Sweden Stefan Schwarz 20
52%
1996/97 Scotland Allan Johnston 6
48%
2002/03 England Chris Black 2
48%
2007/08 Wales Darren Ward 3
48%
2011/12 Wales David Vaughan 22
48%
2012/13 Wales David Vaughan 24
48%
2013/14 Wales David Vaughan 3
48%
2000/01 Brazil Emerson Thome 31
48%
2001/02 Brazil Emerson Thome 12
48%
2002/03 Brazil Emerson Thome 1
48%
2005/06 Ireland Gary Breen 35
48%
2002/03 England Marcus Stewart 19
48%
2002/03 Estonia Mart Poom 4
48%
1996/97 England Paul Stewart 24
48%
2000/01 Slovakia Stanislav Varga 12
48%
2001/02 Slovakia Stanislav Varga 9
48%
2010/11 England Titus Bramble 23
48%
2011/12 England Titus Bramble 8
48%
2012/13 England Titus Bramble 16
48%
2005/06 England Tommy Miller 29
48%
2002/03 Norway Tore Andre Flo 29
48%
2005/06 France Anthony Le Tallec 27
45%
2005/06 Ireland Daryl Murphy 18
45%
2007/08 Ireland Daryl Murphy 28
45%
2008/09 Ireland Daryl Murphy 23
45%
2009/10 Ireland Daryl Murphy 3
45%
2016/17 Scotland Donald Love 12
45%
2008/09 Senegal El Hadji Diouf 14
45%
2014/15 England Jack Rodwell 23
45%
2015/16 England Jack Rodwell 22
45%
2016/17 England Jack Rodwell 20
45%
2001/02 Ireland Jason McAteer 26
45%
2002/03 Ireland Jason McAteer 9
45%
1999/00 England Jody Craddock 19
45%
2000/01 England Jody Craddock 34
45%
2001/02 England Jody Craddock 30
45%
2002/03 England Jody Craddock 25
45%
2014/15 Spain Jordi Gomez 29
45%
2015/16 Spain Jordi Gomez 6
45%
2005/06 Trinidad & Tobago Justin Hoyte 27
45%
2001/02 Scotland Kevin Kyle 6
45%
2002/03 Scotland Kevin Kyle 17
45%
2005/06 Scotland Kevin Kyle 13
45%
2005/06 Ireland Liam Lawrence 29
45%
2007/08 Ireland Liam Miller 24
45%
2008/09 Ireland Liam Miller 3
45%
2012/13 France Louis Saha 11
45%
2007/08 England Michael Chopra 33
45%
2008/09 England Michael Chopra 6
45%
2002/03 Ireland Sean Thornton 11
45%
2015/16 France Younes Kaboul 23
45%
2016/17 France Younes Kaboul 1
45%
1996/97 Scotland Alex Rae 22
41%
1999/00 Scotland Alex Rae 26
41%
2000/01 Scotland Alex Rae 18
41%
2001/02 Scotland Alex Rae 3
41%
2008/09 England Anton Ferdinand 31
41%
2009/10 England Anton Ferdinand 24
41%
2010/11 England Anton Ferdinand 27
41%
2011/12 England Anton Ferdinand 3
41%
2013/14 Cape Verde Cabral 1
41%
2005/06 Wales Carl Robinson 5
41%
2010/11 Paraguay Cristian Riveros 12
41%
1999/00 England Danny Dichio 12
41%
2000/01 England Danny Dichio 15
41%
2001/02 France David Bellion 9
41%
2002/03 France David Bellion 11
41%
2009/10 Ireland David Meyler 10
41%
2010/11 Ireland David Meyler 5
41%
2011/12 Ireland David Meyler 7
41%
2012/13 Ireland David Meyler 3
41%
2011/12 Ireland James McClean 23
41%
2012/13 Ireland James McClean 36
41%
2016/17 Belgium Jason Denayer 24
41%
2016/17 Spain Javier Manquillo 20
41%
1999/00 Wales John Oster 10
41%
2000/01 Wales John Oster 8
41%
2002/03 Wales John Oster 3
41%
2009/10 England Matthew Kilgallon 7
41%
2011/12 England Matthew Kilgallon 10
41%
2012/13 England Matthew Kilgallon 6
41%
2005/06 Jamaica Nyron Nosworthy 30
41%
2007/08 Jamaica Nyron Nosworthy 29
41%
2008/09 Jamaica Nyron Nosworthy 16
41%
2009/10 Jamaica Nyron Nosworthy 10
41%
2016/17 Northern Ireland Paddy McNair 9
41%
1999/00 Ireland Paul Butler 32
41%
2005/06 Ireland Stephen Elliott 15
41%
1999/00 Ireland Thomas Butler 1
41%
2001/02 Ireland Thomas Butler 7
41%
2002/03 Ireland Thomas Butler 7
41%
2009/10 Zimbabwe Benjani 8
38%
2013/14 Greece Charalampos Mavrias 4
38%
1999/00 England Chris Makin 34
38%
2000/01 England Chris Makin 23
38%
2011/12 England Connor Wickham 16
38%
2012/13 England Connor Wickham 12
38%
2013/14 England Connor Wickham 15
38%
2014/15 England Connor Wickham 36
38%
1996/97 England Craig Russell 28
38%
2015/16 Senegal Dame N'Doye 11
38%
2008/09 Northern Ireland David Healy 10
38%
2009/10 Northern Ireland David Healy 3
38%
2015/16 England Duncan Watmore 23
38%
2016/17 England Duncan Watmore 14
38%
1999/00 England Gavin McCann 24
38%
2000/01 England Gavin McCann 22
38%
2001/02 England Gavin McCann 29
38%
2002/03 England Gavin McCann 30
38%
2015/16 England George Honeyman 1
38%
2016/17 England George Honeyman 5
38%
2007/08 Ireland Ian Harte 8
38%
2010/11 England Jordan Cook 3
38%
1996/97 England Martin Scott 15
38%
2009/10 England Michael Turner 29
38%
2010/11 England Michael Turner 15
38%
2011/12 England Michael Turner 24
38%
1999/00 England Nicky Summerbee 32
38%
2013/14 Czech Republic Ondrej Celustka 21
38%
2002/03 Ireland Phil Babb 26
38%
2007/08 Scotland Ross Wallace 21
38%
2013/14 Argentina Santiago Vergini 11
38%
2014/15 Argentina Santiago Vergini 31
38%
2010/11 Ghana Sulley Muntari 9
38%
1999/00 Honduras Tyson Nunez 1
38%
2016/17 Nigeria Victor Anichebe 18
38%
2015/16 Wales Adam Matthews 1
34%
2012/13 Senegal Alfred N'Diaye 16
34%
1996/97 Wales Andy Melville 30
34%
2007/08 Ireland Anthony Stokes 20
34%
2008/09 Ireland Anthony Stokes 2
34%
2001/02 Switzerland Bernt Haas 27
34%
2012/13 Spain Carlos Cuellar 26
34%
2013/14 Spain Carlos Cuellar 4
34%
2007/08 Ireland David Connolly 3
34%
1996/97 Ireland David Kelly 24
34%
2000/01 Scotland Don Hutchison 32
34%
2001/02 Scotland Don Hutchison 2
34%
1999/00 France Eric Roy 24
34%
2001/02 Sweden Joachim Bjorklund 12
34%
2002/03 Sweden Joachim Bjorklund 20
34%
2016/17 Sweden Joel Asoro 1
34%
2016/17 England Joleon Lescott 2
34%
2005/06 England Jon Stead 30
34%
2000/01 Austria Jurgen Macho 5
34%
2001/02 Austria Jurgen Macho 4
34%
2002/03 Austria Jurgen Macho 13
34%
1996/97 England Lee Howey 12
34%
2013/14 Scotland Liam Bridcutt 12
34%
2014/15 Scotland Liam Bridcutt 18
34%
2013/14 Spain Marcos Alonso 16
34%
2005/06 Scotland Martin Woods 7
34%
2016/17 Senegal Papy Djilobodji 18
34%
2008/09 France Pascal Chimbonda 13
34%
2001/02 Cameroon Patrick Mboma 9
34%
1996/97 England Paul Bracewell 38
34%
2007/08 Ireland Paul McShane 21
34%
2008/09 Ireland Paul McShane 3
34%
2009/10 Paraguay Paulo Da Silva 16
34%
2010/11 Paraguay Paulo Da Silva 1
34%
2014/15 Argentina Ricardo Alvarez 13
34%
2005/06 Ireland Rory Delap 6
34%
2010/11 England Ryan Noble 3
34%
2011/12 England Ryan Noble 2
34%
1996/97 England Steve Agnew 15
34%
2008/09 Finland Teemu Tainio 21
34%
2008/09 England Calum Davenport 8
31%
1999/00 Denmark Carsten Fredgaard 1
31%
1996/97 Poland Dariusz Kubicki 29
31%
2007/08 Nigeria Dickson Etuhu 20
31%
2013/14 Argentina Ignacio Scocco 6
31%
2012/13 Senegal Kader Mangane 2
31%
2001/02 France Lilian Laslandes 12
31%
2007/08 England Martyn Waghorn 3
31%
2008/09 England Martyn Waghorn 1
31%
2010/11 England Martyn Waghorn 2
31%
2002/03 England Matt Piper 13
31%
2002/03 England Michael Proctor 21
31%
2015/16 Sweden Ola Toivonen 12
31%
2007/08 Scotland Russell Anderson 1
31%
2002/03 Morocco Talal El Karkouri 8
31%
2008/09 Israel Tal Ben Haim 5
31%
2015/16 England Thomas Robson 1
31%
2013/14 Cyprus Valentin Roberge 9
31%
2014/15 Cyprus Valentin Roberge 1
31%
2014/15 England Will Buckley 22
31%
2012/13 England Adam Mitchell 1
28%
2009/10 Scotland Alan Hutton 11
28%
2013/14 Italy Andrea Dossena 7
28%
2005/06 England Ben Alnwick 5
28%
2011/12 Ireland Keiren Westwood 9
28%
2013/14 Ireland Keiren Westwood 10
28%
2012/13 France Mikael Mandron 2
28%
2014/15 France Mikael Mandron 1
28%
2007/08 Sweden Rade Prica 6
28%
2015/16 England Rees Greenwood 1
28%
1996/97 England Richard Ord 33
28%
2011/12 Greece Sotirios Kyrgiakos 3
28%
1999/00 England Steve Bould 20
28%
2005/06 Scotland Steven Caldwell 24
28%
1999/00 Germany Thomas Helmer 2
28%
1999/00 Wales Andy Marriott 1
24%
2014/15 France Anthony Reveillere 16
24%
1996/97 England Chris Waddle 7
24%
1996/97 Wales Gareth Hall 32
24%
2012/13 Scotland James McFadden 3
24%
1999/00 Ireland Michael Reddy 8
24%
2013/14 France Modibo Diakite 7
24%
2000/01 France Patrice Carteron 8
24%
1999/00 England Paul Thirlwell 8
24%
2001/02 England Paul Thirlwell 14
24%
2002/03 England Paul Thirlwell 19
24%
1996/97 England Sam Aiston 2
24%
2002/03 Norway Thomas Myhre 2
24%
1996/97 England Tony Coton 10
24%
2005/06 England Andrew Welsh 14
21%
1999/00 England Chris Lumsdon 1
21%
2010/11 England Craig Lynch 2
21%
1999/00 England Darren Holloway 15
21%
2000/01 England Darren Holloway 5
21%
2007/08 England Gregory Halford 8
21%
1996/97 England John Mullin 10
21%
2010/11 England Louis Laing 1
21%
2010/11 Argentina Marcos Angeleri 2
21%
2010/11 England Nedum Onuoha 31
21%
2002/03 Ireland Richie Ryan 2
21%
2012/13 England Billy Knott 1
17%
2005/06 France Christian Bassila 13
17%
1996/97 Sweden Jan Eriksson 1
17%
2007/08 Ireland Roy O'Donovan 17
17%
2005/06 England Alan Stubbs 10
14%
2002/03 England Jonjo Dickman 1
7%
No matching quizzes found
Score Distribution
Percent of People with Each Score
Percentile by Number Answered
Your Score History
You have not taken this quiz